[Event "15. OIBM Bad Wiessee"]
[Site "Bad Wiessee"]
[Date "2011.10.30"]
[Round "2.42"]
[White "Grandadam, Nicolas"]
[Black "Schulz, Juergen"]
[Result "1/2-1/2"]
[WhiteElo "2336"]
[BlackElo "2157"]
[PlyCount "109"]
[EventDate "2011.??.??"]
[WhiteTeam "SC Brombach e.V."]
[BlackTeam "FC Bayern München e.V."]

1. Nf3 Nf6 2. c4 g6 3. Nc3 Bg7 4. e4 d6 5. d4 O-O 6. Be2 e5 7. O-O Nc6 8. d5
Ne7 9. Ne1 Nd7 10. f3 f5 11. g4 f4 12. h4 h6 13. Kg2 c5 14. a3 Nf6 15. Nd3 Ne8
16. b4 b6 17. Bd2 Bd7 18. Be1 Qc8 19. Rh1 Nf6 20. Nf2 Qc7 21. Rb1 Rf7 22. bxc5
bxc5 23. Nb5 Bxb5 24. Rxb5 Raf8 25. Kf1 Nc8 26. Bd3 Qe7 27. Ke2 Ne8 28. Qb1 Bf6
29. Nd1 Qd7 30. Bc2 Nb6 31. Qa2 Bd8 32. a4 Nc7 33. Rb2 Na6 34. a5 Nc8 35. Nf2
Ne7 36. Nd3 Qc8 37. Ba4 Bc7 38. Qb3 Bb8 39. Bb5 Kg7 40. Qa4 Ng8 41. Bd2 Nf6 42.
Rhb1 Nb4 43. Rg1 a6 44. Bc6 Ba7 45. Nf2 Rc7 46. Qa3 Nxc6 47. dxc6 Rxc6 48. Qd3
Qe6 49. Rb7+ Rf7 50. Rgb1 Rcc7 51. Rxc7 Rxc7 52. Bc3 Kh7 53. Rd1 Ne8 54. Rb1
Qe7 55. Qd5 1/2-1/2

[Event "15. OIBM Bad Wiessee"]
[Site "Bad Wiessee"]
[Date "2011.10.30"]
[Round "2.45"]
[White "Schleich, Theodor"]
[Black "Forchert, Martin"]
[Result "1-0"]
[WhiteElo "2109"]
[BlackElo "2420"]
[PlyCount "85"]
[EventDate "2011.??.??"]
[WhiteTeam "FC Bayern München e.V."]
[BlackTeam "Bielefelder SK von 1883"]

1. d4 Nf6 2. Bg5 e6 3. Nc3 h6 4. Bxf6 Qxf6 5. Qd2 Bb4 6. a3 Ba5 7. e4 d6 8. f4
Bxc3 9. bxc3 e5 10. fxe5 Qh4+ 11. Kd1 dxe5 12. Nf3 Bg4 13. Be2 Bxf3 14. Bxf3
Nc6 15. Rb1 O-O-O 16. d5 Rhe8 17. Qe2 Ne7 18. Qb5 b6 19. Qa6+ Kb8 20. Ke2 f5 (
20... Nxd5 21. exd5 e4 $19) 21. Rb4 Nc8 22. h3 Nd6 23. Ra4 Nc8 24. Rd1 g6 25.
Kf1 Qf6 26. Kg1 Qd6 27. Kh1 Re7 28. Rc4 c5 29. dxc6 Qc7 30. Rb1 f4 31. a4 Re6
32. Qb5 Nd6 33. Qd5 Nxc4 34. Qxe6 Na5 35. c4 Qd6 36. Qd5 Kc7 37. Qf7+ Kxc6 38.
Rd1 Qc7 39. Qxg6+ Kb7 40. Rd5 Nxc4 41. Qf6 Rd6 42. Qh8 Qe7 43. Bg4 1-0

[Event "15. OIBM Bad Wiessee"]
[Site "Bad Wiessee"]
[Date "2011.10.30"]
[Round "2.40"]
[White "Proschmann, Tino"]
[Black "Zude, Arno"]
[Result "0-1"]
[WhiteElo "2111"]
[BlackElo "2431"]
[PlyCount "66"]
[EventDate "2011.??.??"]

1. e4 e5 2. Nf3 Nc6 3. Bb5 a6 4. Bxc6 dxc6 5. O-O Qf6 6. d4 exd4 7. Qxd4 Qxd4
8. Nxd4 Bd7 9. Be3 O-O-O 10. Nd2 Ne7 11. a4 Ng6 12. Nc4 c5 13. Nf3 f6 14. Nfd2
b6 15. f3 a5 16. b3 Be7 17. f4 f5 18. Ne5 Nxe5 19. fxe5 Rhf8 20. c3 Be6 21.
exf5 Bxf5 22. Nf3 h6 23. Rfd1 Rxd1+ 24. Rxd1 Bc2 25. Ra1 Bxb3 26. Kf2 Kd7 27.
Kg3 Ke6 28. Kg4 Rd8 29. Nd2 Bc2 30. Rc1 Bxa4 31. Nf3 Rd3 32. Bf2 Be8 33. Kf4
g5+ 0-1

[Event "15. OIBM Bad Wiessee"]
[Site "Bad Wiessee"]
[Date "2011.10.30"]
[Round "2.46"]
[White "Obermeier, Herbert"]
[Black "Michalczak, Thomas"]
[Result "1/2-1/2"]
[WhiteElo "2002"]
[BlackElo "2316"]
[PlyCount "55"]
[EventDate "2011.??.??"]

1. e4 e5 2. Nf3 Nc6 3. Bc4 Nf6 4. d3 Bc5 5. c3 a6 6. Bb3 Ba7 7. h3 O-O 8. Nbd2
d6 9. Nf1 d5 10. Qe2 dxe4 11. dxe4 Qe7 12. Ng3 Be6 13. Bg5 Bxb3 14. axb3 Qe6
15. b4 Nd7 16. O-O f6 17. Be3 Bxe3 18. Qxe3 Nb6 19. Rfd1 Rad8 20. h4 Qb3 21.
Rdb1 Rd7 22. h5 Rfd8 23. Nf5 Nc4 24. Qe2 Nd2 25. Nxd2 Rxd2 26. Qg4 R8d7 27. Ne3
Qf7 28. Nf5 1/2-1/2

[Event "15. OIBM Bad Wiessee"]
[Site "Bad Wiessee"]
[Date "2011.10.30"]
[Round "2.47"]
[White "Müller, Ralf"]
[Black "Arounopoulos, Stephan"]
[Result "1-0"]
[WhiteElo "2411"]
[BlackElo "2088"]
[PlyCount "67"]
[EventDate "2011.??.??"]

1. Nf3 Nf6 2. c4 g6 3. Nc3 Bg7 4. e4 d6 5. d4 O-O 6. Be2 e5 7. Be3 Na6 8. O-O
Ng4 9. Bg5 f6 10. Bc1 c6 11. a3 Nh6 12. b4 Qe7 13. b5 Nc7 14. dxe5 dxe5 15. a4
Rd8 16. Qb3 Ne6 17. Ba3 Qe8 18. a5 Nd4 19. Nxd4 exd4 20. Na4 f5 21. e5 Qxe5 22.
Rae1 Qf6 23. Bd3 Bf8 24. Bxf8 Kxf8 25. a6 Qd6 26. c5 Qc7 27. b6 axb6 28. Nxb6
Rxa6 29. Be2 Ra5 30. Qb4 Ra2 31. Bc4 Ng4 32. g3 Ra7 33. Qd2 Ne5 34. Qh6+ 1-0

[Event "15. OIBM Bad Wiessee"]
[Site "Bad Wiessee"]
[Date "2011.10.30"]
[Round "2.48"]
[White "Weber, Bernhard"]
[Black "Pirrot, Dieter"]
[Result "1/2-1/2"]
[WhiteElo "2119"]
[BlackElo "2385"]
[PlyCount "53"]
[EventDate "2011.??.??"]

1. d4 Nf6 2. c4 c5 3. e3 e6 4. Nc3 d5 5. Nf3 Nc6 6. a3 dxc4 7. Bxc4 a6 8. dxc5
Qxd1+ 9. Kxd1 Bxc5 10. b4 Be7 11. Bb2 b5 12. Bb3 Bb7 13. Ke2 Nd7 14. Rhd1 Bf6
15. Ra2 Ke7 16. Ne4 Bxb2 17. Rxb2 Nce5 18. Nd6 Bxf3+ 19. gxf3 g5 20. Rc2 Ra7
21. Nc8+ Rxc8 22. Rxc8 a5 23. bxa5 Rxa5 24. Rc7 Kd8 25. Rc5 Ke7 26. Rc7 Kd8 27.
Rc5 1/2-1/2

[Event "15. OIBM Bad Wiessee"]
[Site "Bad Wiessee"]
[Date "2011.10.30"]
[Round "2.30"]
[White "Ramme, Christoph"]
[Black "Meins, Gerlef"]
[Result "0-1"]
[WhiteElo "2094"]
[BlackElo "2490"]
[PlyCount "91"]
[EventDate "2011.??.??"]
[WhiteTeam "SK Marmstorf GW Harburg"]
[BlackTeam "SAbt SV Werder Bremen"]

1. d4 d5 2. Bf4 c5 3. e4 dxe4 4. d5 Nf6 5. Nc3 a6 6. a4 e6 7. Bc4 Bd6 8. Bxd6
Qxd6 9. dxe6 Qxd1+ 10. Rxd1 Bxe6 11. Bxe6 fxe6 12. Nh3 Ke7 13. Ng5 e3 14. fxe3
Nbd7 15. Ke2 Rac8 16. Nge4 Rc6 17. b3 Nxe4 18. Nxe4 Nf6 19. Nxf6 gxf6 20. e4
Rg8 21. g3 h5 22. c4 h4 23. Kf3 Rh8 24. g4 Rb6 25. Rd3 Rd8 26. Rhd1 Rxb3 27.
Rxb3 Rxd1 28. Rxb7+ Kd6 29. Kf4 Rf1+ 30. Ke3 Ra1 31. Rb6+ Ke5 32. Rxa6 Ra3+ 33.
Ke2 Ra2+ 34. Ke3 Rxh2 35. Rc6 Rh3+ 36. Kf2 Ra3 37. Rxc5+ Kf4 38. Kg2 h3+ 39.
Kh2 Kxg4 40. Rc8 Ra2+ 41. Kh1 Rxa4 42. Kh2 Ra2+ 43. Kh1 Kg3 44. Rg8+ Kf4 45.
Rg6 Ke5 46. Rh6 {

[Event "Bad Wiessee"]
[Site "Bad Wiessee"]
[Date "2011.10.30"]
[Round "2.32"]
[White "Kick, Joachim"]
[Black "Siebrecht, Sebastian"]
[Result "1-0"]
[WhiteElo "2151"]
[BlackElo "2471"]
[PlyCount "65"]
[EventDate "2011.??.??"]
[WhiteTeam "SG Caissa Rochade Kuppenheim e.V"]
[BlackTeam "Sportfreunde Katernberg 1913 e.V"]

1. Nf3 Nf6 2. c4 g6 3. g3 Bg7 4. Bg2 O-O 5. O-O d6 6. d4 Nbd7 7. Nc3 a6 8. e4
e5 9. Qc2 exd4 10. Nxd4 Re8 11. Re1 Nc5 12. h3 Nfd7 13. Be3 Ne5 14. b3 Ncd3 15.
Red1 c5 16. Nde2 Nb4 17. Qb1 Qf6 18. a3 Nbc6 19. f4 Nd7 20. Ra2 Rb8 21. Rb2 Re6
22. b4 Bf8 23. Kh2 Qg7 24. bxc5 Nxc5 25. Bxc5 dxc5 26. e5 f6 27. Bd5 fxe5 28.
f5 gxf5 29. Qxf5 Qe7 30. Ne4 Kg7 31. Rf1 Nd8 32. Bxe6 Bxe6 33. Qxe5+ 1-0

[Event "15. OIBM Bad Wiessee"]
[Site "Bad Wiessee"]
[Date "2011.10.30"]
[Round "2.43"]
[White "Marentini, Marcel"]
[Black "Kotainy, Jens"]
[Result "0-1"]
[WhiteElo "2012"]
[BlackElo "2406"]
[PlyCount "76"]
[EventDate "2011.??.??"]
[WhiteTeam "SF Gottmadingen"]
[BlackTeam "Sportfreunde Katernberg 1913 e.V"]

1. c4 c5 2. g3 Nc6 3. Bg2 g6 4. Nc3 Bg7 5. Nf3 e5 6. O-O d6 7. a3 a5 8. Ne1 Be6
9. d3 Nge7 10. Nc2 d5 11. cxd5 Nxd5 12. Ne3 Nde7 13. Qa4 O-O 14. Nc4 Rb8 15.
Bg5 f6 16. Be3 Nd4 17. Bxd4 exd4 18. Nb5 b6 19. Ncd6 Qd7 20. b4 Nc8 21. Nxc8
Rfxc8 22. bxa5 bxa5 23. Rab1 c4 24. Qxa5 c3 25. a4 Bh6 26. f4 Bf8 27. Qa6 Be7
28. Kh1 Kg7 29. Nxd4 Rxb1 30. Nxe6+ Kf7 31. Rxb1 c2 32. Rc1 Ba3 33. Nd4 Bxc1
34. Nc6 Qe6 35. Qb7+ Ke8 36. Nd4 Bxf4 37. Nxc2 Rxc2 38. Bd5 Rc1+ 0-1

[Event "15. OIBM Bad Wiessee"]
[Site "Bad Wiessee"]
[Date "2011.10.30"]
[Round "2.44"]
[White "Wagner, Dennis"]
[Black "Fischer, Gerd"]
[Result "1-0"]
[WhiteElo "2290"]
[BlackElo "2102"]
[PlyCount "67"]
[EventDate "2011.??.??"]
[WhiteTeam "Kasseler SK 1876"]
[BlackTeam "FC Gunzenhausen 1910 e.V"]

1. d4 Nf6 2. c4 e6 3. g3 d5 4. Nf3 Nbd7 5. Bg2 dxc4 6. O-O Bd6 7. Nbd2 Nb6 8.
Qc2 Nfd7 9. Nxc4 Nxc4 10. Qxc4 h6 11. Rd1 O-O 12. Bd2 Rb8 13. Rac1 b5 14. Qd3
b4 15. e4 e5 16. Be3 Qf6 17. Rc2 a5 18. dxe5 Nxe5 19. Nxe5 Qxe5 20. Bf4 Qf6 21.
Bxd6 cxd6 22. b3 Be6 23. Rc6 a4 24. Rxd6 axb3 25. axb3 Qc3 26. Rb1 Rfc8 27. f4
Qxd3 28. Rxd3 Rc3 29. Bf1 f6 30. Kf2 Ra8 31. Ke3 Ra3 32. Kd4 Rxd3+ 33. Bxd3
Bxb3 {Diagramm #} 34. Rxb3 1-0

[Event "15. OIBM Bad Wiessee"]
[Site "Bad Wiessee"]
[Date "2011.10.31"]
[Round "3.1"]
[White "Zhigalko, Sergei"]
[Black "Beukema, Stefan"]
[Result "1-0"]
[WhiteElo "2696"]
[BlackElo "2259"]
[PlyCount "49"]
[EventDate "2011.??.??"]

1. d4 Nf6 2. c4 c5 3. d5 b5 4. cxb5 a6 5. bxa6 Bxa6 6. Nc3 g6 7. Nf3 Bg7 8. g3
O-O 9. Bg2 d6 10. O-O Nbd7 11. Qc2 Nb6 12. Rd1 Ra7 13. e4 Qa8 14. Rb1 Bb7 15.
a3 e6 16. Nb5 Ra4 17. Nxd6 exd5 18. Nxb7 dxe4 19. Nxc5 Rc4 20. Qb3 exf3 21.
Bxf3 Qa5 22. Qd3 Qxc5 23. Be3 Qb5 24. Bxb6 Nd7 25. b3 1-0

[Event "15. OIBM Bad Wiessee"]
[Site "Bad Wiessee"]
[Date "2011.10.31"]
[Round "3.2"]
[White "Berchtenbreiter, Max"]
[Black "Nisipeanu, Liviu-Dieter"]
[Result "0-1"]
[WhiteElo "2290"]
[BlackElo "2638"]
[PlyCount "96"]
[EventDate "2011.??.??"]
[WhiteTeam "SGem Pang/Rosenheim"]

1. e4 c5 2. Nc3 e6 3. Nf3 a6 4. d4 cxd4 5. Nxd4 b5 6. Bd3 Bb7 7. O-O d6 8. Qe2
Nf6 9. Bd2 b4 10. Na4 Nc6 11. Nxc6 Bxc6 12. b3 d5 13. e5 Ne4 14. Bxe4 dxe4 15.
Rfd1 Qa5 16. a3 Qb5 17. Qe3 bxa3 18. c4 Qxe5 19. Qb6 Bxa4 20. bxa4 Bc5 21. Qc6+
Ke7 {Diagramm #} 22. Bc3 $1 Qxc3 23. Qxc5+ Kf6 24. f4 $1 g6 25. Rxa3 $6 (25.
Rdc1 Qd3 26. Rd1 Qc3 $8 (26... Qe2 27. Qd4+ Ke7 28. Rd2 Qh5 29. Rb1 Rab8 30.
Qd6+ Kf6 31. Rxb8 $18) 27. Rdc1 $11) 25... Qb2 26. Re3 Rhc8 27. Qg5+ Kg7 28.
Rxe4 h6 29. Qa5 Rc6 30. h4 Rac8 31. Rdd4 Qb6 32. Qxb6 Rxb6 33. Re5 Rb4 34. Ra5
Rcxc4 35. Rxc4 Rxc4 36. g3 Rc6 37. Kf2 h5 38. Ke3 f6 39. Kf3 Rc3+ 40. Kg2 Rc6
41. Kf3 Kf7 42. g4 Rc3+ 43. Kg2 hxg4 44. Rxa6 f5 45. a5 Rf3 46. Ra8 Rxf4 47. a6
Ra4 48. a7 Kg7 0-1

[Event "15. OIBM Bad Wiessee"]
[Site "Bad Wiessee"]
[Date "2011.10.31"]
[Round "3.3"]
[White "Negi, Parimarjan"]
[Black "Srienz, Christian"]
[Result "1-0"]
[WhiteElo "2631"]
[BlackElo "2246"]
[PlyCount "53"]
[EventDate "2011.??.??"]
[WhiteTeam "SF Katernberg 1913 e.V"]
[BlackTeam "Tschaturanga Wien"]

1. e4 e5 2. Nf3 Nc6 3. Bb5 a6 4. Ba4 Nf6 5. O-O Be7 6. Re1 b5 7. Bb3 d6 8. c3
O-O 9. d4 Bg4 10. d5 Na5 11. Bc2 c6 12. h3 Bc8 13. dxc6 Qc7 14. Nbd2 Qxc6 15.
a4 Be6 16. Ng5 Bd7 17. Nf1 Nc4 18. b3 Nb6 19. a5 Nc8 20. Qd3 h6 21. Nf3 Bd8 22.
Ne3 Ne7 23. Ba3 Nc8 24. Bb4 Be6 {Diagramm #} 25. Nxe5 $1 Qb7 (25... dxe5 26.
Bxf8 Kxf8 27. Qxd8+) 26. N5g4 Bxg4 27. Nxg4 1-0

[Event "15. OIBM Bad Wiessee"]
[Site "Bad Wiessee"]
[Date "2011.10.31"]
[Round "3.4"]
[White "Carlstedt, Jonathan"]
[Black "Khenkin, Igor"]
[Result "0-1"]
[WhiteElo "2326"]
[BlackElo "2624"]
[PlyCount "80"]
[EventDate "2011.??.??"]
[WhiteTeam "SK Marmstorf GW Harburg"]
[BlackTeam "Wiesbadener SV 1885"]

1. c4 b6 2. Nc3 Bb7 3. e3 e6 4. b3 f5 5. Nf3 Nf6 6. Be2 Bd6 7. Bb2 O-O 8. Qc2
Nc6 9. Rd1 a6 10. d4 Qe8 11. h3 Qg6 12. Rg1 Ne4 13. Nxe4 fxe4 14. Ne5 Bxe5 15.
dxe5 Rf7 16. g3 Qf5 17. Bg4 {Diagramm #} Nb4 $1 18. Bxf5 (18. Qe2 Nd3+ 19. Rxd3
exd3 20. Bxf5 dxe2 21. Bd3 Bf3 $17) 18... Nxc2+ 19. Kd2 Nb4 20. Bg4 Rxf2+ 21.
Be2 Nxa2 22. Ke1 Rf7 23. Bh5 g6 24. Be2 Nb4 25. h4 a5 26. Bc3 c5 27. Rd6 Bc6
28. Kd2 Rf2 29. g4 Rh2 30. h5 Rf8 31. Kd1 a4 32. hxg6 hxg6 33. Bxb4 cxb4 34.
bxa4 Ra8 35. Rd2 Rxa4 36. Ke1 b3 37. Bd1 Rh3 38. Kf2 Ra2 39. Rxa2 bxa2 40. Bb3
Rh2+ 0-1

[Event "15. OIBM Bad Wiessee"]
[Site "Bad Wiessee"]
[Date "2011.10.31"]
[Round "3.6"]
[White "Cordts, Ingo"]
[Black "Markowski, Tomasz"]
[Result "0-1"]
[WhiteElo "2306"]
[BlackElo "2607"]
[PlyCount "62"]
[EventDate "2011.??.??"]
[WhiteTeam "Ford-SF Köln e.V."]
[BlackTeam "SK König Plauen"]

1. e4 e5 2. Bc4 Nc6 3. Nf3 Bc5 4. c3 Nf6 5. d3 d6 6. Nbd2 a6 7. Bb3 Ba7 8. h3
h6 9. Nf1 Be6 10. Be3 Bxe3 11. Nxe3 Qd7 12. Ba4 b5 13. Bc2 d5 14. exd5 Nxd5 15.
Nxd5 Bxd5 16. O-O O-O 17. Re1 Rfe8 18. Qe2 Re6 19. Nh4 Rf6 20. Qg4 Be6 21. Qg3
Re8 22. Bb3 a5 23. Bxe6 Rexe6 24. Qe3 Rd6 25. Rad1 Rd5 26. Re2 e4 $1 27. Red2 (
27. Qxe4 Re5) 27... Rfd6 28. Qxe4 Re6 29. Qf4 Ne5 30. Qe3 $4 Ng6 31. Qg3 Rg5
0-1

[Event "15. OIBM Bad Wiessee"]
[Site "Bad Wiessee"]
[Date "2011.10.31"]
[Round "3.7"]
[White "Graf, Alexander"]
[Black "Lokander, Martin"]
[Result "1-0"]
[WhiteElo "2628"]
[BlackElo "2113"]
[PlyCount "101"]
[EventDate "2011.??.??"]
[WhiteTeam "SK König Plauen"]
[BlackTeam "SK Rockaden"]

1. c4 Nf6 2. Nf3 g6 3. b4 Bg7 4. Bb2 O-O 5. e3 c6 6. Nc3 d5 7. Qb3 Bg4 8. Be2
dxc4 9. Qxc4 Nbd7 10. Qb3 Nb6 11. O-O Nfd5 12. Ne4 Bxb2 13. Qxb2 Nc8 14. b5 Nd6
15. Nxd6 Qxd6 16. bxc6 bxc6 17. Rfc1 c5 18. h3 Bxf3 19. Bxf3 Rac8 20. Qb7 Nb4
21. d4 a5 22. a3 Na6 23. Qb5 cxd4 24. Rxc8 Rxc8 25. exd4 Rb8 26. Qxa5 Qxd4 27.
Rc1 Qb6 28. Qe5 Re8 29. a4 Qd6 30. Qe3 Nb4 31. a5 Rb8 32. Qa7 h5 33. Bb7 Kh7
34. a6 Rd8 35. h4 Qf4 36. Qe3 Qxe3 37. fxe3 Nxa6 38. Bxa6 Rd6 39. Be2 Kg7 40.
Kf2 Kf6 41. Bf3 Rd7 42. Rc6+ Ke5 43. Rb6 Rd2+ 44. Be2 e6 45. Kf3 Rd7 46. Rb5+
Kf6 47. e4 Kg7 48. Kf4 f6 49. Bc4 Rd6 50. Rb7+ Kf8 51. Ke3 1-0

[Event "15. OIBM Bad Wiessee"]
[Site "Bad Wiessee"]
[Date "2011.10.31"]
[Round "3.8"]
[White "Delitzsch, Juergen"]
[Black "Baklan, Vladimir"]
[Result "0-1"]
[WhiteElo "2278"]
[BlackElo "2617"]
[PlyCount "58"]
[EventDate "2011.??.??"]
[WhiteTeam "TSV Bindlach Aktionär-Schachabte"]
[BlackTeam "SG Porz e.V."]

1. d4 Nf6 2. c4 g6 3. Nc3 Bg7 4. e4 d6 5. h3 O-O 6. Bg5 Qe8 7. Nf3 e5 8. d5 Nh5
9. Qd2 Na6 10. Bh6 Bd7 11. Bxg7 Kxg7 12. g3 f5 13. Bg2 Nc5 14. O-O f4 15. b4
Na6 16. g4 Nf6 17. Rab1 Qe7 18. Nh2 h5 (18... g5) 19. f3 (19. g5 $5 Nh7 20. h4
Nxg5 $5 21. hxg5 Qxg5) 19... Nh7 20. Rfc1 hxg4 21. fxg4 Ng5 22. Qd3 {Diagramm #
} f3 $1 23. Nxf3 Rxf3 $1 24. Bxf3 Nxh3+ 25. Kf1 Qh4 26. Nd1 Rf8 27. Rc3 Bxg4
28. Qe2 Bxf3 29. Rxf3 {Diagramm #} Qg3 $1 0-1

[Event "15. OIBM Bad Wiessee"]
[Site "Bad Wiessee"]
[Date "2011.10.31"]
[Round "3.9"]
[White "Zakhartsov, Viacheslav"]
[Black "Schäfer, Michael"]
[Result "1-0"]
[WhiteElo "2580"]
[BlackElo "2244"]
[PlyCount "67"]
[EventDate "2011.??.??"]
[BlackTeam "Freibauer Mörlenbach-Birkenau"]

1. d4 Nf6 2. c4 g6 3. Nc3 d5 4. Nf3 Bg7 5. Qa4+ Bd7 6. Qb3 dxc4 7. Qxc4 O-O 8.
Bf4 Na6 9. e4 c5 10. e5 Nh5 11. Be3 cxd4 12. Qxd4 f5 13. O-O-O Be6 14. Ng5 Qxd4
15. Rxd4 Nc7 16. Nxe6 Nxe6 17. Bc4 Kf7 18. f4 Rfc8 19. Kb1 a6 20. a4 b5 21. Bd5
Rab8 22. axb5 axb5 23. Rb4 g5 24. g4 gxf4 25. gxf5 fxe3 26. Bxe6+ Kf8 27. Rh4
b4 28. Ne2 Rd8 29. Rxh5 Rd2 30. Rg1 Rbd8 31. Rhg5 Rd1+ 32. Rxd1 Rxd1+ 33. Ka2
Rd2 34. Rg2 1-0

[Event "15. OIBM Bad Wiessee"]
[Site "Bad Wiessee"]
[Date "2011.10.31"]
[Round "3.10"]
[White "Kempinski, Robert"]
[Black "Zygouris, Hristos"]
[Result "1/2-1/2"]
[WhiteElo "2604"]
[BlackElo "2194"]
[PlyCount "120"]
[EventDate "2011.??.??"]
[WhiteTeam "Hamburger SK von 1830 eV"]
[BlackTeam "ESKA"]

1. d4 d5 2. Nf3 Nf6 3. c4 e6 4. e3 Be7 5. Nbd2 O-O 6. Bd3 b6 7. O-O Bb7 8. b3
c5 9. cxd5 Nxd5 10. Bb2 Nc6 11. dxc5 Nxe3 12. Bxh7+ Kxh7 13. fxe3 Bxc5 14. Qe2
Qd5 15. Rad1 Rad8 {Diagramm #} 16. Ne4 $1 Qh5 (16... Qxe4 $4 17. Ng5+) 17.
Nfg5+ (17. Rxd8 Nxd8 18. Nfg5+ Kg6 19. Qd3 $1 f5 20. Qc3 $1 Rg8 21. Nh3 $1 Kh7
22. Nf4 Qh4 23. Nxc5 bxc5 24. Qxc5 $18) 17... Kg6 18. Qxh5+ {gibt sich mit
wenig zufrieden} (18. g4 Qh4 19. Rxd8 Nxd8 20. Rf4 $16) 18... Kxh5 19. Nxc5
bxc5 20. Ne4 Ba6 21. Rfe1 e5 22. Nxc5 Bc8 23. h3 f6 24. a3 Rxd1 25. Rxd1 Rd8
26. Rxd8 Nxd8 27. b4 Ne6 28. Ne4 Bd7 29. Nc3 Nc7 30. a4 a6 31. e4 Kg6 32. Kf2
Kf7 33. Ke3 Ke6 34. Kd3 Kd6 35. Bc1 g6 36. g4 Kc6 37. Be3 Be6 38. Bc5 Kd7 39.
b5 axb5 40. axb5 {Diagramm #} Nxb5 $1 41. Nxb5 Kc6 42. Be7 Kxb5 43. Bxf6 Bc4+
44. Ke3 Kc6 45. Bxe5 g5 46. Kf3 Bf1 47. Kg3 Bd3 48. Bf6 Bxe4 49. Bxg5 Kd7 50.
Kf4 Bd3 51. Ke5 Ke8 52. Kf6 Kf8 53. Be3 Kg8 54. h4 Kh7 55. h5 Be2 $1 56. Kg5
Bd1 57. Kh4 Bc2 58. g5 Bd3 59. Kg3 Kg7 60. Bd4+ Kf7 1/2-1/2

[Event "15. OIBM Bad Wiessee"]
[Site "Bad Wiessee"]
[Date "2011.10.31"]
[Round "3.12"]
[White "Dirr, Ulrich"]
[Black "Eingorn, Vereslav"]
[Result "1/2-1/2"]
[WhiteElo "2264"]
[BlackElo "2567"]
[PlyCount "32"]
[EventDate "2011.??.??"]
[WhiteTeam "MSA Zugzwang 82 e.V."]

1. Nf3 Nf6 2. c4 c5 3. g3 Nc6 4. Nc3 g6 5. Bg2 d6 6. O-O Bg7 7. a3 O-O 8. Rb1
d5 9. cxd5 Nxd5 10. Nxd5 Qxd5 11. d3 Qh5 12. b4 cxb4 13. axb4 Bh3 14. Bxh3 Qxh3
15. b5 Ne5 16. Nxe5 Bxe5 1/2-1/2

[Event "15. OIBM Bad Wiessee"]
[Site "Bad Wiessee"]
[Date "2011.10.31"]
[Round "3.13"]
[White "Lenderman, Aleksandr"]
[Black "Löw, Gerald"]
[Result "1-0"]
[WhiteElo "2562"]
[BlackElo "2266"]
[PlyCount "107"]
[EventDate "2011.??.??"]
[BlackTeam "TSV Bindlach Aktionär-Schachabte"]

1. c4 c5 2. Nf3 g6 3. d4 cxd4 4. Nxd4 Bg7 5. e4 Nc6 6. Be3 Nf6 7. Nc3 O-O 8.
Be2 d6 9. O-O Bd7 10. f3 Nxd4 11. Bxd4 a5 12. b3 Bc6 13. Qd2 Nd7 14. Be3 Nc5
15. Rab1 e6 16. Rfd1 Be5 17. Qe1 Qe7 18. Bf1 Rfd8 19. a3 Rdc8 20. Bf2 Rd8 21.
Rdc1 Rdc8 22. Rc2 Rd8 23. Qd2 Qf6 24. b4 axb4 25. axb4 Na4 26. Nxa4 Rxa4 27.
Be3 Qe7 28. b5 Be8 29. Rd1 Qc7 30. f4 Bf6 31. Qf2 Rda8 32. Bb6 Qb8 33. Rcd2 Be7
34. f5 Ra1 35. Rxa1 Rxa1 36. Qd4 Qa8 37. Qb2 Qa4 38. Qd4 Ra2 39. Rxa2 Qxa2 40.
f6 Bf8 41. e5 Qa3 42. Qe3 Qa1 43. Bd4 Qb1 44. exd6 Bxd6 45. Bc5 Qd1 46. Bxd6
Qxd6 47. c5 Qd5 48. Be2 Qf5 49. c6 bxc6 50. b6 c5 (50... Qxf6 51. b7 Qb2 52.
Ba6 $18) 51. b7 Qb1+ 52. Bf1 Qb2 53. b8=Q Qxb8 54. Qh6 1-0

[Event "15. OIBM Bad Wiessee"]
[Site "Bad Wiessee"]
[Date "2011.10.31"]
[Round "3.14"]
[White "Grant, Jonathan"]
[Black "Nyzhnyk, Illja"]
[Result "0-1"]
[WhiteElo "2209"]
[BlackElo "2561"]
[PlyCount "114"]
[EventDate "2011.??.??"]
[WhiteTeam "Edinburgh West"]

1. c4 Nf6 2. Nc3 g6 3. g3 Bg7 4. Bg2 O-O 5. e4 d6 6. Nge2 c5 7. O-O Nc6 8. d3
a6 9. h3 Rb8 10. a4 Ne8 11. Be3 Nc7 12. d4 cxd4 13. Nxd4 Ne6 14. Nde2 Nc5 15.
b3 Bd7 16. Rb1 Nb4 17. Nd5 Nxd5 18. exd5 Bf5 19. Rc1 Nd3 20. Rc2 Nb4 21. Rd2 b5
22. axb5 axb5 23. c5 dxc5 24. Bxc5 Na6 25. Be3 Qa5 26. Nd4 Bd7 27. Nc6 Bxc6 28.
dxc6 Rbc8 29. Rd7 Nb8 30. Ra7 Qc3 31. c7 Rxc7 32. Bd2 Qc5 33. Be3 Qc3 34. Bd2
Qc2 35. Qxc2 Rxc2 36. Bb4 Nc6 37. Bxc6 Rxc6 38. Rxe7 Bc3 39. Re4 f5 40. Bxf8
fxe4 41. Bh6 Kf7 42. Rd1 Ke6 43. Be3 Ra6 44. Bc5 Ra2 45. b4 Ra1 46. Rxa1 Bxa1
47. f3 exf3 48. Kf2 Kd5 49. Kxf3 Bc3 50. h4 Kc4 51. h5 Bxb4 52. Be3 Bc3 53. Kg4
b4 54. Kg5 b3 55. Bc1 gxh5 56. Kxh5 Bb4 57. Bb2 Kd3 0-1

[Event "15. OIBM Bad Wiessee"]
[Site "Bad Wiessee"]
[Date "2011.10.31"]
[Round "3.15"]
[White "Ernst, Sipke"]
[Black "Wegerer, Fred"]
[Result "1-0"]
[WhiteElo "2581"]
[BlackElo "2159"]
[PlyCount "85"]
[EventDate "2011.??.??"]
[WhiteTeam "SG Solingen e.V."]
[BlackTeam "ZM Technology Wolfsberg"]

1. d4 Nf6 2. c4 c6 3. Nc3 d5 4. e3 Nbd7 5. Nf3 dxc4 6. Bxc4 Nb6 7. Bb3 Bf5 8.
Ne5 e6 9. Qf3 Bg6 10. Qh3 Rg8 11. O-O Be7 12. Re1 Nbd7 13. Nxg6 hxg6 14. e4 Qa5
15. Bd2 Qh5 16. Qg3 Rh8 17. h3 Rc8 18. e5 Ng8 19. Rac1 Rd8 20. Ne4 Nh6 21. Bd1
Nf5 22. Qb3 Nxd4 23. Qxb7 Qxe5 24. Qxa7 Rh4 25. Bg4 Qd5 26. Ba5 Rc8 27. Qa6 Rb8
28. Bc7 Qb5 29. Qa7 Rc8 30. Qxd4 Rxc7 31. Bxe6 fxe6 32. Nd6+ Bxd6 33. Rxe6+ Be7
34. Qxh4 Nf6 35. Qg3 Qxb2 36. Rce1 Nd5 37. Qxg6+ Kf8 38. Rxc6 Rxc6 39. Qxc6
Qxa2 40. Qc8+ Kf7 41. Qe6+ Kf8 42. Rc1 Bd8 43. Rd1 1-0

[Event "15. OIBM Bad Wiessee"]
[Site "Bad Wiessee"]
[Date "2011.10.31"]
[Round "3.16"]
[White "Sokolov, Andrei"]
[Black "Quinn, John M"]
[Result "1-0"]
[WhiteElo "2519"]
[BlackElo "2151"]
[PlyCount "95"]
[EventDate "2011.??.??"]
[WhiteTeam "TV Tegernsee"]

1. e4 c6 2. d4 d5 3. Nc3 dxe4 4. Nxe4 Bf5 5. Ng3 Bg6 6. N1e2 e6 7. Nf4 Nd7 8.
c3 Ne7 9. h4 Nf6 10. h5 Bf5 11. Nxf5 Nxf5 12. g4 Nd6 13. Qf3 h6 14. Nd3 Qa5 15.
Bg2 Qd5 16. Qg3 Nde4 17. Qe3 Bd6 18. Nf4 Bxf4 19. Qxf4 Qg5 20. Qxg5 Nxg5 21. f4
Ngh7 22. g5 Nd7 23. Bd2 O-O-O 24. O-O-O Nb6 25. gxh6 gxh6 26. f5 Nf8 27. fxe6
Nxe6 28. Bh3 Kb8 29. Bxe6 fxe6 30. Rde1 Rde8 31. Rhg1 Kc8 32. Rg6 Kd7 33. b3
Nc8 34. Rh1 Ne7 35. Rxh6 Rxh6 36. Bxh6 Nf5 37. Bf4 Rh8 38. Be5 Rh7 39. Kd2 Ke7
40. Kd3 a6 41. Rh3 b5 42. Ke4 Rf7 43. a4 Nh6 44. Bf4 Nf5 45. Rh2 Rh7 46. Be5
Kf7 47. Kf4 Ne7 48. Kg5 1-0

[Event "15. OIBM Bad Wiessee"]
[Site "Bad Wiessee"]
[Date "2011.10.31"]
[Round "3.17"]
[White "Seyb, Dieter"]
[Black "Rivas Pastor, Manuel"]
[Result "0-1"]
[WhiteElo "2252"]
[BlackElo "2559"]
[PlyCount "48"]
[EventDate "2011.??.??"]
[WhiteTeam "SC Forchheim e.V."]

1. Nc3 d5 2. d4 g6 3. Bf4 Bg7 4. Qd2 c6 5. Nf3 Bf5 6. h3 Nf6 7. g4 Ne4 8. Qe3
Nxc3 9. gxf5 Ne4 10. fxg6 hxg6 11. O-O-O Nd7 12. Ne5 Nxe5 13. dxe5 Qb6 14. Rd4
f6 15. Ra4 Qxe3+ 16. Bxe3 fxe5 17. Rxa7 Rxa7 18. Bxa7 d4 19. Rg1 Bh6+ 20. Kb1
Nxf2 21. Rxg6 Kf7 22. Rg3 Ne4 23. Ra3 Nd2+ 24. Ka1 Rg8 0-1

[Event "15. OIBM Bad Wiessee"]
[Site "Bad Wiessee"]
[Date "2011.10.31"]
[Round "3.18"]
[White "Baum, Bernd"]
[Black "Adhiban, B."]
[Result "0-1"]
[WhiteElo "2294"]
[BlackElo "2551"]
[PlyCount "82"]
[EventDate "2011.??.??"]
[WhiteTeam "SV Empor Erfurt"]

1. c4 e5 2. g3 Nf6 3. Bg2 d5 4. cxd5 Nxd5 5. Nf3 Nc6 6. O-O Be7 7. d4 e4 8. Ne5
f5 9. Nxc6 bxc6 10. Nd2 O-O 11. Nb3 Qe8 12. e3 Ba6 13. Re1 Nb4 14. Nc5 Bxc5 15.
dxc5 Nd3 16. Qb3+ Kh8 17. Rd1 Ne5 18. Rd4 Be2 19. Bd2 Qh5 20. Bc3 Rab8 21. Qa4
Rf6 22. Rb4 Rxb4 23. Qxb4 Re6 24. Qb8+ Qe8 25. Qxc7 Re7 26. Qd6 Nf3+ 27. Kh1
Kg8 28. Qf4 Rf7 29. Bf1 Bxf1 30. Rxf1 h6 31. Rd1 Kh7 32. Qd6 Re7 33. Kg2 Rb7
34. h3 Qh5 35. Rh1 Qe8 36. Qf4 Qh5 37. g4 Qg6 38. Kf1 Rf7 39. gxf5 Rxf5 40. Qd6
Qf7 41. Qxc6 Qc4+ 0-1